000 00226nam a2200097Ia 4500
005 20251222175817.0
008 251222s9999||||xx |||||||||||||| ||spa||
082 _aDVD0070/R25/1990
245 0 _aCyrano de Bergerac:
942 _cDVD
999 _c40365
_d40365